01545cam a2200361 a 4500001000700000003000800007005001700015008004100032035001100073040002700084041001100111082001800122100004100140245005200181260006600233300005000299440003300349500002800382500004500410504005100455504003900506505012400545651004600669651002900715651003300744700005200777900002500829942001200854984002000866999001900886952013900905952013901044430931BD-DhUL20170327162843.0880802s1926 ii b b 001 0 eng d a430931 aANLbengcBD-DhULdANL0 aengtib a913.515bFFRA1 aFrancke, August Hermann,d1870-1930.10aAntiquities of Indian Tibet /cby A.H. Francke. aCalcutta :bSuperintendent Government Printing, India,c1926. a2 v. :bill., fold maps (part col.) ;c31 cm. 0aNew imperial series ;vv. 50 aPartly also in Tibetan. av. 2 edited with foreword by F.W.Thomas. aIncludes bibliographical references and index. aBibliography: vol 1, p [xiii]-xiv.0 aV.1 Personal narrative--v.2.The chronicles of Ladakh and minor chronicles; texts and translations, with notes and maps. 0aTibet Autonomous Region (China)xHistory. 0aLadakh (India)xHistory. 0aLadakh (India)xAntiquities.1 aThomas, F. W.q(Frederick William),d1867-1956. aANL holds v. 2 only. 2ddccBK aANLcSIMONq 837 c168354d168354 00102ddc406913_515000000000000_FFRA718REF9303442aDULbDULcRCd2017-03-27eGifto913.515 FFRAp8033r2017-03-27w2017-03-27yBK 00102ddc406913_515000000000000_FFRA718REF9303443aDULbDULcRCd2017-03-27eGifto913.515 FFRAp8034r2017-03-27w2017-03-27yBK